|
|
|
|
| LEADER |
00000nam0a2200000 4500 |
| 001 |
40339 |
| 005 |
20231031012609.0 |
| 035 |
|
|
|a (RuTPU)RU\TPU\book\41383
|
| 090 |
|
|
|a 40339
|
| 100 |
|
|
|a 20020513d1999 km y0rusy50 ca
|
| 101 |
0 |
|
|a rus
|
| 102 |
|
|
|a RU
|
| 105 |
|
|
|a y z 001zy
|
| 200 |
1 |
|
|a Теоретические и практические аспекты охраны промышленной собственности в Российской Федерации
|f А. Д. Корчагин, В. Ю. Джермакян, Е. П. Полищук и др.
|g Российское агентство по патентам и товарным знакам; Под ред. А. Д. Корчагина
|
| 210 |
|
|
|a Москва
|c ИНИЦ Роспатента
|d 1999
|
| 215 |
|
|
|a 552 с.
|
| 320 |
|
|
|a Библиогр.: с. 549-552
|
| 610 |
1 |
|
|a патентное дело
|
| 610 |
1 |
|
|a изображения
|
| 610 |
1 |
|
|a правовая охрана
|
| 610 |
1 |
|
|a патенты
|
| 610 |
1 |
|
|a патентная экспертиза
|
| 610 |
1 |
|
|a промышленная собственность
|
| 610 |
1 |
|
|a Российская Федерация
|
| 610 |
1 |
|
|a патентоспособность
|
| 610 |
1 |
|
|a промышленные образцы
|
| 610 |
1 |
|
|a товарные знаки
|
| 610 |
1 |
|
|a договор о патентной кооперации
|
| 610 |
1 |
|
|a Мадридское соглашение
|
| 610 |
1 |
|
|a международная регистрация знаков
|
| 610 |
1 |
|
|a заявки
|
| 610 |
1 |
|
|a подача
|
| 610 |
1 |
|
|a рассмотрение
|
| 675 |
|
|
|a 608
|v 3
|
| 701 |
|
1 |
|a Корчагин
|b А. Д.
|
| 701 |
|
1 |
|a Джермакян
|b В. Ю.
|
| 701 |
|
1 |
|a Полищук
|b Е. П.
|
| 701 |
|
1 |
|a Казакова
|b В. К.
|
| 701 |
|
1 |
|a Разумовская
|b Н. Н.
|
| 701 |
|
1 |
|a Орлова
|b Н. С.
|
| 701 |
|
1 |
|a Сеньковский
|b В. В.
|
| 701 |
|
1 |
|a Васильева
|b Т. А.
|
| 702 |
|
1 |
|a Корчагин
|b А. Д.
|4 340
|
| 712 |
0 |
2 |
|a Российское агентство по патентам и товарным знакам (Роспатент)
|c (Москва)
|2 stltpush
|3 (RuTPU)RU\TPU\col\13
|
| 801 |
|
1 |
|a RU
|b 63413507
|c 20020513
|g PSBO
|
| 801 |
|
2 |
|a RU
|b 63413507
|c 20070301
|g PSBO
|
| 942 |
|
|
|c BK
|